Sports Quiz

Random Sports or NFL Quiz

Defensive super bowl MVPs Quiz Stats

 Plays Quiz not verified by Sporcle

Challenge
Share
Tweet
Embed
Score 0/8 Timer 03:00
0 Plays Today
Year MVP % Correct
2001Ray Lewis
100%
2003Dexter Jackson
87.2%
1986Richard Dent
76.9%
1996Larry Brown
71.8%
1979Randy White
66.7%
1971Chuck Howley
59%
1973Jake Scott
59%
1978Harvey Martin
53.8%

You're not logged in!

Compare scores with friends on all Sporcle quizzes.
OR
Log In

You Might Also Like...

Show Comments

Extras

Top Quizzes Today


Score Distribution

Your Account Isn't Verified!

In order to create a playlist on Sporcle, you need to verify the email address you used during registration. Go to your Sporcle Settings to finish the process.

Report this User

Report this user for behavior that violates our Community Guidelines.

Details: